000 00830nam0a22002291 4500
001 rc\2295009
005 20260407194002.0
035 _a(NLR Aleph) 006466797
090 _a5893393
_c5893393
100 _a20110829d1977 |||y0rusy50 ca
101 0 _arus
102 _aRU
105 _ay z |||||
200 1 _aБелая книга о вопросе человеческих прав в Южной Корее
_f[ЦК Рев. партии объединения]
210 _aПхеньян
_cИзд-во лит. на иностр. яз.
_d1977
215 _a[2], 31 с.
_d25
712 0 2 _aРеволюционная партия объединения Южной Кореи
_bЦК
_9753204
_3RU\NLR\AUTH\8810128045
801 0 _aRU
_bNLR
_gpsbo
801 1 _aRU
_bELAR
_2rusmarc
852 _aNLR
_j77-7/1967
942 _cBOOK
980 _aNB